| 000 | 00430cam a22001217a 4500 | ||
|---|---|---|---|
| 008 | 180718b1967 xxu||||| |||| 00| 0 eng d | ||
| 082 | _aA81x54 In2/61/8/Pt6-9 | ||
| 100 | _aCensus of India 1961 | ||
| 245 | _aMadhya Pradesh: village survey monographs, Kosa (tahsil & district Durg) | ||
| 260 |
_aDelhi _bThe Manager of Publications _c1967 |
||
| 300 | _a172+p. | ||
| 440 | _aCensus of India 1961. Volume VIII, Madhya Pradesh. Part VI-9 | ||
| 999 |
_c484255 _d484255 |
||